| 000 | 00826nam a2200205 a 4500 | ||
|---|---|---|---|
| 003 | 0 | ||
| 005 | 20250508110311.0 | ||
| 008 | 970101s19uu xx 00 eng d | ||
| 050 |
_aPHS HG 8871 _b.K37 2004 |
||
| 100 | _aKarnani, Bhavan S. | ||
| 245 |
_aFactors that affect the decision of the foreigners in the Philippines to buy life insurance policies / _cBhavan S. Karnani. |
||
| 260 |
_aLas PiƱas City, Philippines : _bSouthville International School and Colleges, _c2004. |
||
| 300 |
_a46 pages : _billustrations ; _c28 cm. |
||
| 504 | _aIncludes bibliographical references. | ||
| 650 |
_2Library of Congress Subject Headings _aLife insurance _zPhilippines. |
||
| 650 |
_aForeign residents _zPhilippines _xEconomic conditions. |
||
| 650 |
_aDecision making _xPsychological aspect. |
||
| 942 |
_2lcc _cPASS |
||
| 999 |
_c97126 _d97126 |
||